Ganamela / (Record no. 3622)
[ view plain ]
| 000 -LEADER | |
|---|---|
| fixed length control field | 00409cam a2200181ua 4500 |
| 041 ## - LANGUAGE CODE | |
| Language code of text/sound track or separate title | mal |
| 082 ## - DEWEY DECIMAL CLASSIFICATION NUMBER | |
| Classification number | 894.8121 |
| Item number | KUR/GA |
| 100 ## - MAIN ENTRY--AUTHOR NAME | |
| Personal name | Kurup, O N V. |
| 245 ## - TITLE STATEMENT | |
| Title | Ganamela / |
| 260 ## - PUBLICATION, DISTRIBUTION, ETC. (IMPRINT) | |
| Place of publication | Kollam : |
| Name of publisher | Modern Book , |
| Year of publication | 1965. |
| 300 ## - PHYSICAL DESCRIPTION | |
| Number of Pages | 84 ; . |
| 942 ## - ADDED ENTRY ELEMENTS (KOHA) | |
| Koha item type | Books |
| Withdrawn status | Lost status | Damaged status | Home library | Current library | Date acquired | Cost, normal purchase price | Full call number | Accession Number | Koha item type | Public note |
|---|---|---|---|---|---|---|---|---|---|---|
| Withdrawn | KAUAET | Malayalam University | 07/04/2012 | 1.50 | 894.8121 | 7511 | Books | Transferred to Malayalam University | ||
| Withdrawn | KAUAET | Sanskrit University | 07/04/2012 | 1.50 | 894.8121 | 7510 | Books | Transferred to Sanskrit University |
